Design of Voice Over Internet Protocol (VOIP) System (Record no. 327410)

000 -LEADER
fixed length control field 00352 a2200121 4500
001 - CONTROL NUMBER
control field 92337
082 ## - DEWEY DECIMAL CLASSIFICATION NUMBER
Classification number PR 2380
090 ## - LOCALLY ASSIGNED LC-TYPE CALL NUMBER (OCLC); LOCAL CALL NUMBER (RLIN)
-- 44294
-- 44295
100 ## - MAIN ENTRY--PERSONAL NAME
Personal name Waqas;Prof Khalid Saleemi and Iftikhar Ali (Advisors)
245 ## - TITLE STATEMENT
Title Design of Voice Over Internet Protocol (VOIP) System
Number of part/section of a work 60'B' EC
260 ## - PUBLICATION, DISTRIBUTION, ETC.
Place of publication, distribution, etc. Islamabad
Name of publisher, distributor, etc. NUST
Date of publication, distribution, etc. 2005
500 ## - GENERAL NOTE
General note BE Project Reoprt
942 ## - ADDED ENTRY ELEMENTS (KOHA)
Institution code [OBSOLETE] CAE NUST
Call number prefix PR 2380
Holdings
Withdrawn status Lost status Damaged status Not for loan Collection code Permanent Location Current Location Date acquired Total Checkouts Full call number Barcode Date last seen Price effective from Koha item type
          College of Aeronautical Engineering (CAE) College of Aeronautical Engineering (CAE) 04/03/2017   PR 2380 CAEPR-2380 04/05/2017 04/05/2017 Book
© 2023 Central Library, National University of Sciences and Technology. All Rights Reserved.